• 首页
  • 本馆介绍
  • 公告通知
  • 最新文献
  • 馆藏检索
  • 电子资源
  • 读者导购
  • 参考咨询
  • 我的图书馆
  • 登录
  • 详细信息显示
  • 放入我的书架
  • 预约/预借图书
  • 作者相关作品
  • 分类相关作品
  • 丛书相关作品
  • 出版社相关作品

书目信息

  • 表格格式
  • 工作单格式
  • 卡片格式
书名: The adventures of
作者:
分册号:
分册名:
出版地: Beijing :
 
出版社: Foreign Languages Pr
出版时间: 1980.
页数: 221 p.
开本:
丛书名:
中图分类号:
科图分类号:
其他分类号: H319.4
主题词:
电子资源:
000 00889nam 2200265 a 4500
001 E0752965360
005 20070210144425.01
008 eng
008 uu
040    @aNLC
041 1  @aeng @hchi
043    @aa-cc---
049    @aN5LA
090    @a2C/I287.52/SYEn////////////912325-30/ 6cop.
090    @aH319.4
096    @aI287.52 @v2
099    @dH319.4@ex302
100 1  @aSun, Youjun.
240 10 @aXiao bu tou qi yu ji. @lEnglish
242 10 @a小布头奇遇记(英语版) / @c孙幼军 著 @ychi
245 14 @aThe adventures of
260    @aBeijing :@bForeign Languages Pr.,@c1980.
300    @a221 p.
650  0 @aChildren's literature, Chinese @vTranslations into English. @b00 @c20020930 @lNLC09 @h2246 @lNLC09 @h2303 @lNLC09 @h1854 @b40 @c20030604 @lNLC09 @h1818 @b01 @c20031209 @lNLC09 @h1949 @b01 @c20031209 @lNLC09 @h1949
852 9  @bWWJC @cJ08S @k2C @hI287.52 @iSYEn
    
    The adventures of.-Beijing : : Foreign Languages Pr., , 1980.
    221 p.
    
    
    ISBN
    
●
相关链接 在E读中查询图书 在五车中查询图书 在当当中查询图书 在豆瓣中查询图书


正题名:adventures of     索取号:H319.4/x302         预约/预借

序号 登录号 条形码 馆藏地/架位号 状态 备注
1 46812   001427780   第四借阅区/ [索取号:H319.4/x302] 在馆    
2 46813   001427824   第四借阅区/ [索取号:H319.4/x302] 在馆    
3 46814   001427799   第四借阅区/ [索取号:H319.4/x302] 在馆    
唐山师范学院图书馆 欢迎您!
大连网信软件有限公司© 版权所有